| 000 | 00676cab a2200229 4500 | ||
|---|---|---|---|
| 001 | WB3507-34 | ||
| 008 | 090401t1999 xxu||||| |||| 00| 0 eng d | ||
| 035 | _a(Sirsi) u91346 | ||
| 041 | _aeng | ||
| 245 | _aRural homes plan cut | ||
| 260 | _c1999 | ||
| 350 | _a0 | ||
| 490 |
_aDaily Telegraph _v16 February 1999, 12(1) |
||
| 520 | _aThe Deputy Prime Minister, John Prescott, has decided that Devon needs to build only 75,000 houses by 2011 instead of the 83,000 initially proposed. | ||
| 650 | _aDEVON | ||
| 650 | _aHOUSEHOLD PROJECTIONS | ||
| 650 | _aNEW HOMES | ||
| 650 | _aRURAL HOUSING | ||
| 690 | _aHOUSING-DEVELOPMENT | ||
| 942 | _n0 | ||
| 948 | _c16/02/1999 | ||
| 999 |
_c57973 _d57973 |
||